Famous Books Based On Image - Statistics

General Stats
  • This quiz has been taken 173 times
  • The average score is 4 of 12
Answer Stats
Hint Answer % Correct
War and Peace
98%
The Grapes of Wrath
82%
The Catcher in the Rye
58%
Crime and Punishment
53%
The Metamorphosis
26%
The Merchant of Venice
24%
To the Lighthouse
23%
Heart of Darkness
21%
The Sound and the Fury
21%
A Farewell to Arms
11%
In Search of Lost Time
2%
Wuthering Heights
0%
No matching quizzes found
Score Distribution
Percent of People with Each Score
Percentile by Number Answered
Your Score History
You have not taken this quiz